00972nam a22002657a 45000010005000000030006000050050017000110080041000280200018000690400029000870500014001160820008001301000017001382450114001552500032002692600040003013000044003414900022003855050008004075200201004155210020006165210020006366500018006567000032006744831FISKH20241017111817.0241017b cb ||||| |||| 00| 0 eng d a9780385386005 aFISKHbengcFISKHdFISKH aPZ7.L8682 a457 aLook, Lenore aAlvin Ho: Allergic to Babies, Burglars, and Other Bumps in the Nightcby Lenore Look : Picture by Leuyen Pham aFirst yearling Edition 2014 aNew York : bRandom House ;c2013 . a183 pages : billustrations ; c20 cm . aAlvin Ho vBook 5 aN  aWhen fearful seven-year-old Alvin Ho learns that his mother is expecting a baby, he develops a sympathetic pregnancy--adding to his worry about the burglar who is targeting Concord, Massachusetts.8 a580 bLexile 8 aN bRaz-Plus  afearvfiction aPham, LeUyen eillustrator